Oxford handbook of endocrinology and diabetes / (Record no. 25905)
[ view plain ]
| 000 -LEADER | |
|---|---|
| fixed length control field | 01498cam a22003135a 4500 |
| 001 - CONTROL NUMBER | |
| control field | 17813239 |
| 005 - DATE AND TIME OF LATEST TRANSACTION | |
| control field | 20180109115325.0 |
| 008 - FIXED-LENGTH DATA ELEMENTS--GENERAL INFORMATION | |
| fixed length control field | 130716s2014 enka frbf f001 0 eng d |
| 020 ## - INTERNATIONAL STANDARD BOOK NUMBER | |
| International Standard Book Number | 9780199644438 |
| 020 ## - INTERNATIONAL STANDARD BOOK NUMBER | |
| International Standard Book Number | 0199644438 |
| 040 ## - CATALOGING SOURCE | |
| Original cataloging agency | DLC |
| Language of cataloging | eng |
| Transcribing agency | DLC |
| Modifying agency | EG-ScBUE |
| 082 04 - DEWEY DECIMAL CLASSIFICATION NUMBER | |
| Classification number | 616.4 |
| Edition number | 22 |
| Item number | OXF |
| 245 00 - TITLE STATEMENT | |
| Title | Oxford handbook of endocrinology and diabetes / |
| Statement of responsibility, etc | editor John Wass, Katharine Owen, Helen Turner. |
| 246 3# - VARYING FORM OF TITLE | |
| Title proper/short title | Handbook of endocrinology and diabetes |
| 246 3# - VARYING FORM OF TITLE | |
| Title proper/short title | Endocrinology and diabetes |
| 250 ## - EDITION STATEMENT | |
| Edition statement | 3rd ed. |
| 260 ## - PUBLICATION, DISTRIBUTION, ETC. (IMPRINT) | |
| Place of publication, distribution, etc | Oxford : |
| Name of publisher, distributor, etc | Oxford University Press, |
| Date of publication, distribution, etc | 2014. |
| 300 ## - PHYSICAL DESCRIPTION | |
| Extent | 902 p. : |
| Other physical details | ill. ; |
| Dimensions | 19 cm. |
| 500 ## - GENERAL NOTE | |
| General note | Includes bibliographical references and index. |
| 505 0# - FORMATTED CONTENTS NOTE | |
| Formatted contents note | Machine generated contents note: 1.Thyroid -- 2.Pituitary -- 3.Adrenal -- 4.Reproductive endocrinology -- 5.Endocrinology in pregnancy -- 6.Calcium and bone metabolism -- 7.Paediatric endocrinology -- 8.Neuroendocrine disorders -- 9.Inherited endocrine syndromes and MEN -- 10.Endocrine surgery -- 11.Endocrinology and ageing -- 12.Endocrinology aspects of other clinical or physiological situations -- 13.Diabetes -- 14.Lipids and hyperlipidaemia -- 15.Obesity. |
| 650 #7 - SUBJECT ADDED ENTRY--TOPICAL TERM | |
| Topical term or geographic name as entry element | Endocrinology |
| Form subdivision | Handbooks, manuals, etc. |
| Source of heading or term | BUEsh |
| 650 #7 - SUBJECT ADDED ENTRY--TOPICAL TERM | |
| Topical term or geographic name as entry element | Diabetes |
| Form subdivision | Handbooks, manuals, etc. |
| Source of heading or term | BUEsh |
| 9 (RLIN) | 27258 |
| 651 ## - SUBJECT ADDED ENTRY--GEOGRAPHIC NAME | |
| Source of heading or term | BUEsh |
| 653 ## - INDEX TERM--UNCONTROLLED | |
| Resource For college | Nursing |
| Arrived date list | January2018 |
| 700 1# - ADDED ENTRY--PERSONAL NAME | |
| Personal name | Wass, J. A. H. |
| Relator term | editor. |
| 700 1# - ADDED ENTRY--PERSONAL NAME | |
| Personal name | Owen, Katharine, |
| Relator term | editor. |
| 700 1# - ADDED ENTRY--PERSONAL NAME | |
| Personal name | Turner, Helen E., |
| Dates associated with a name | 1967- |
| Relator term | editor. |
| 942 ## - ADDED ENTRY ELEMENTS (KOHA) | |
| Source of classification or shelving scheme | Dewey Decimal Classification |
| Withdrawn status | Item status | Source of classification or shelving scheme | Damaged status | Not for loan | Vendor | Home library | Current library | Shelving location | Date acquired | Source of acquisition | Cost, normal purchase price | Serial Enumeration / chronology | Total Checkouts | Full call number | Barcode | Date last seen | Cost, replacement price | Koha item type |
|---|---|---|---|---|---|---|---|---|---|---|---|---|---|---|---|---|---|---|
| Dewey Decimal Classification | Baccah | Central Library | Central Library | Ground Floor | 09/01/2018 | Purchase | 448.00 | 21201 | 616.4 OXF | 000047119 | 15/07/2025 | 560.00 | Reference (NB) |